Recent Advances in Fractional Calculus

This Special Issue of the scientific journal Axioms, entitled “Recent Advances in Fractional Calculus”, is dedicated to one of the most dynamic areas of mathematical sciences today [...]

Elmentve itt :
Bibliográfiai részletek
Szerzők: Kórus Péter
Nápoles Valdés Juan Eduardo
Dokumentumtípus: Cikk
Megjelent: 2024
Sorozat:AXIOMS 13 No. 5
Tárgyszavak:
doi:10.3390/axioms13050310

mtmt:34848989
Online Access:http://publicatio.bibl.u-szeged.hu/37080
LEADER 00914nab a2200229 i 4500
001 publ37080
005 20250623145232.0
008 250623s2024 hu o 000 eng d
022 |a 2075-1680 
024 7 |a 10.3390/axioms13050310  |2 doi 
024 7 |a 34848989  |2 mtmt 
040 |a SZTE Publicatio Repozitórium  |b hun 
041 |a eng 
100 1 |a Kórus Péter 
245 1 0 |a Recent Advances in Fractional Calculus  |h [elektronikus dokumentum] /  |c  Kórus Péter 
260 |c 2024 
300 |a 3 
490 0 |a AXIOMS  |v 13 No. 5 
520 3 |a This Special Issue of the scientific journal Axioms, entitled “Recent Advances in Fractional Calculus”, is dedicated to one of the most dynamic areas of mathematical sciences today [...] 
650 4 |a Matematika 
700 0 2 |a Nápoles Valdés Juan Eduardo  |e aut 
856 4 0 |u http://publicatio.bibl.u-szeged.hu/37080/1/2024.RecentAdvancesinFractionalCalculus.pdf  |z Dokumentum-elérés